000 00318nam a22001337a 4500
008 170929b xxu||||| |||| 00| 0 eng d
020 _a9780872076006
041 _aeng
080 _a37
100 _a47
101 _aEDU
245 _aUSING LITERATURE TO ENHANCE CONTENT ARE INSTRUCTION
_cOLNESS,R
942 _2udc
_cBK
999 _c30830
_d30830